000 00867nam0a22002531 4500
001 rc\740815
005 20250622114350.0
035 _a(NLR Aleph) 006270293
090 _a6941906
_c6941906
100 _a20040301d1985 |||y0rusy50 ca
101 0 _arus
102 _aRU
105 _ay |||||||||
200 1 _aМетод пространства состояний в теории дискретных линейных систем управления
_fПер. с англ. Э.Д. Аведьяна
_gПод ред. Я.З. Цыпкина
210 _aМ.
_cНаука
_d1985
215 _a294 с.
_d25
320 _aБиблиогр.: с. 283-291
320 _aПредм. указ.: с. 292-294
700 1 _aСтрейц
_bВ.
_gВладимир
801 0 _aRU
_bNLR
_gpsbo
801 1 _aRU
_bELAR
_2rusmarc
852 _aNLR
_j85-7/1077
942 _cBOOK
980 _aNB